[Event "ICS rated blitz match"]
[Site "204.178.125.65"]
[Date "2001.08.12"]
[Round "?"]
[White "Hossa"]
[Black "NewHal9000"]
[Result "0-1"]
[WhiteElo "2599"]
[BlackElo "2678"]
[PlyCount "113"]
[EventDate "2001.??.??"]

1. c4 Nf6 2. g3 e5 3. d3 d5 4. cxd5 Qxd5 5. Nf3 e4 6. Nc3 Bb4 7. Qa4+ Nc6 8.
dxe4 Nxe4 9. Bd2 Bxc3 10. Bxc3 O-O 11. Bg2 Nxc3 12. bxc3 Qc5 13. Rc1 Re8 14.
Nd4 Bg4 15. Bxc6 bxc6 16. h3 Qd5 17. Rh2 Bd7 18. Qb3 Rab8 19. Qxd5 cxd5 20. f3
Rb2 21. Rc2 Rb1+ 22. Kd2 c5 23. Nb3 c4 24. Nd4 Ba4 25. Rc1 Rb2+ 26. Ke1 Rxa2
27. f4 a5 28. Kf2 Bb3 29. Rhh1 a4 30. Ra1 Rb2 31. g4 Re4 32. Kf3 Kf8 33. Rhc1
Ke7 34. Ra3 Ke8 35. h4 Kd7 36. h5 h6 37. Raa1 Kd8 38. Rg1 Ke7 39. g5 Kf8 40.
gxh6 gxh6 41. Rge1 Rd2 42. e3 Rd3 43. Rac1 a3 44. Nf5 Re6 45. Rg1 a2 46. Ke2
Rb6 47. Nd4 Ba4 48. Rge1 Rb2+ 49. Kf1 Rd1 50. Rexd1 Bxd1 51. Ra1 Bxh5 52. Rxa2
Rxa2 53. Kg1 Ra3 54. Nb5 Rb3 55. Nc7 Rxc3 56. Kf2 Rb3 57. Nxd5 {Hossa resigns}
0-1

[Event "ICS rated blitz match"]
[Site "204.178.125.65"]
[Date "2001.08.12"]
[Round "?"]
[White "Tinker"]
[Black "Hossa"]
[Result "0-1"]
[WhiteElo "2451"]
[BlackElo "2589"]
[PlyCount "138"]
[EventDate "2001.??.??"]

1. e4 e6 2. d4 d5 3. Nc3 dxe4 4. Nxe4 Nd7 5. Nf3 Ngf6 6. Nxf6+ Nxf6 7. Bd3 c5
8. dxc5 Bxc5 9. Qe2 O-O 10. Bg5 h6 11. Bh4 Bd7 12. Ne5 Bb4+ 13. c3 Be7 14. O-O
Ba4 15. Bc4 Nd5 16. Bxe7 Nxe7 17. Qe4 Bc6 18. Nxc6 Nxc6 19. Rfd1 Qe7 20. Bd3 g6
21. Bb5 Rab8 22. Rab1 Rfd8 23. Rxd8+ Qxd8 24. Bc4 Qd2 25. f4 Rd8 26. a4 Kg7 27.
Bb5 Qd6 28. Qe3 a6 29. Bc4 Qd2 30. Qe4 a5 31. Bb5 Rd6 32. Qf3 Qc2 33. Rf1 Qxb2
34. Kh1 Qc2 35. Rg1 Kh7 36. Re1 Rd2 37. Kg1 Rd5 38. h3 Nd8 39. Re2 Qc1+ 40. Kh2
Rd1 41. g3 Kg8 42. c4 h5 43. Rf2 Rd4 44. Qg2 Qd1 45. Rf1 Qd2 46. Rf2 Qe1 47.
Re2 Qd1 48. Qf2 h4 49. Kg2 hxg3 50. Kxg3 Qb3+ 51. Re3 Qb4 52. h4 Rd2 53. Re2
Qc3+ 54. Kh2 Rd3 55. Rc2 Qf6 56. c5 Rd4 57. Rc4 Rd5 58. Kh3 Qf5+ 59. Kh2 Rd3
60. Qf1 Rd2+ 61. Kg3 e5 62. Kf3 Rd3+ 63. Kf2 Ne6 64. c6 bxc6 65. Bxc6 Nxf4 66.
Ke1 Qg4 67. Rc1 Re3+ 68. Kd2 Re2+ 69. Qxe2 Qxe2+ {Tinker resigns} 0-1

[Event "ICS rated blitz match"]
[Site "204.178.125.65"]
[Date "2001.08.12"]
[Round "?"]
[White "Hossa"]
[Black "Tinker"]
[Result "1-0"]
[WhiteElo "2599"]
[BlackElo "2441"]
[PlyCount "155"]
[EventDate "2001.??.??"]

1. c4 Nf6 2. Nc3 e5 3. Nf3 Nc6 4. g3 Bb4 5. Bg2 O-O 6. O-O e4 7. Ne1 Bxc3 8.
dxc3 h6 9. Nc2 Re8 10. c5 d6 11. cxd6 Qxd6 12. Qxd6 cxd6 13. Rd1 d5 14. Bf4 Bg4
15. Bf1 Be6 16. h3 Rac8 17. Bg2 Bd7 18. Rab1 Rcd8 19. e3 Ne5 20. Bxe5 Rxe5 21.
Nd4 Rde8 22. Rd2 Rh5 23. g4 Rg5 24. Kh2 Rge5 25. Rbd1 Rc8 26. a3 Rc5 27. Kg3
Re8 28. Rh1 b6 29. Bf1 Rd8 30. Be2 Rc7 31. h4 Bc8 32. g5 Ne8 33. gxh6 gxh6 34.
Rg1 a6 35. Bg4 Bxg4 36. Kxg4 Kh7 37. Kf4 Nd6 38. Re2 Rdc8 39. Rg3 Kh8 40. a4
Ne8 41. Re1 Ng7 42. Rg2 Kh7 43. Ke5 Rd7 44. Reg1 Re8+ 45. Kf4 f6 46. Kg4 Ne6
47. Nxe6 Rxe6 48. Kf5 Rc6 49. Rg6 Rf7 50. h5 Rc5 51. Ke6 Rfc7 52. Kxf6 Rc8 53.
Ke5 d4+ 54. Kxd4 Rc4+ 55. Ke5 Rxa4 56. Rxb6 Re8+ 57. Kd6 Ra5 58. b4 Rae5 59.
Rb7+ Kh8 60. Rb8 R5e6+ 61. Kd5 Rxb8 62. Kxe6 Rc8 63. Kd5 Rxc3 64. Rg6 Kh7 65.
Rxa6 Rb3 66. Ra7+ Kg8 67. Rb7 Rb2 68. b5 Rxf2 69. Rb8+ Kf7 70. b6 Rd2+ 71. Kxe4
Rb2 72. b7 Kg7 73. Kd5 Rb1 74. e4 Kh7 75. e5 Rd1+ 76. Ke6 Rb1 77. Rd8 Rb6+ 78.
Rd6 {Tinker resigns} 1-0

[Event "ICS rated standard match"]
[Site "204.178.125.65"]
[Date "2001.08.12"]
[Round "?"]
[White "gambitmaster"]
[Black "Hossa"]
[Result "1-0"]
[WhiteElo "2507"]
[BlackElo "2167"]
[PlyCount "70"]
[EventDate "2001.??.??"]

1. e4 e6 2. d4 d5 3. e5 c5 4. c3 Nc6 5. Nf3 Qb6 6. a3 a5 7. Bd3 Bd7 8. Bc2 cxd4
9. cxd4 g5 10. h3 Be7 11. Nc3 h6 12. Be3 Na7 13. Rb1 Qd8 14. O-O h5 15. Qd2 g4
16. hxg4 hxg4 17. Nh2 Nb5 18. Ne2 Bf8 19. Nxg4 Qh4 20. f3 Rc8 21. Rbc1 Nxa3 22.
bxa3 Bxa3 23. Bg5 Bxc1 24. Rxc1 Rxc2 25. Rxc2 Qh1+ 26. Kf2 b6 27. Rc7 f5 28.
exf6 e5 29. Qc2 Ne7 30. fxe7 e4 31. Qc6 Qxg2+ 32. Kxg2 exf3+ 33. Kxf3 Rh3+ 34.
Kg2 Rh2+ 35. Kxh2 Kf7 {Hossa resigns} 1-0

[Event "ICS rated blitz match"]
[Site "204.178.125.65"]
[Date "2001.08.12"]
[Round "?"]
[White "SuperChicken"]
[Black "Hossa"]
[Result "1-0"]
[WhiteElo "2726"]
[BlackElo "2608"]
[PlyCount "205"]
[EventDate "2001.??.??"]

1. d4 Nf6 2. c4 e6 3. Nc3 Bb4 4. e3 O-O 5. Nge2 c5 6. a3 cxd4 7. axb4 dxc3 8.
Nxc3 d5 9. cxd5 Nxd5 10. Nxd5 exd5 11. b5 Re8 12. Bd3 Qg5 13. O-O Bh3 14. Qf3
Bg4 15. Qg3 Qh5 16. Bd2 Nd7 17. Ra4 Ne5 18. Bc3 Nxd3 19. Qxg4 Qxg4 20. Rxg4 Ne5
21. Rd4 Nc4 22. Rxd5 Nb6 23. Rd6 Re6 24. Rfd1 Rxd6 25. Rxd6 Kf8 26. Kf1 Ke7 27.
Bb4 Ke8 28. Rd4 Rc8 29. b3 Rc1+ 30. Ke2 f5 31. Kf3 g6 32. h3 Rc2 33. Rd2 Rxd2
34. Bxd2 Ke7 35. e4 fxe4+ 36. Kxe4 Kd6 37. Kd4 Nd5 38. f3 Ke6 39. g3 Nc7 40.
Kc5 Nd5 41. h4 Ke5 42. Bh6 Ke6 43. Kd4 Nc7 44. Kc4 Nd5 45. Kc5 Nf6 46. Bf4 Nd5
47. Bb8 Nb6 48. Kd4 Nd7 49. Bf4 Nb6 50. Bb8 Nd7 51. Bf4 Nb6 52. Be3 Nd5 53. Bf2
b6 54. Kc4 Nf6 55. Be3 Nh5 56. g4 Nf6 57. Bh6 Nd5 58. b4 Kd6 59. Bd2 Ke5 60.
Bc1 Nf4 61. Bb2+ Ke6 62. Bd4 Ng2 63. Bf2 Nf4 64. Bg3 Nd5 65. Bb8 Nf6 66. Kd4
Nd7 67. Bf4 Nf6 68. Be5 Nd5 69. Bb8 Nf6 70. g5 Nd7 71. Bg3 Nf8 72. Ke4 Nd7 73.
Bc7 Nf8 74. Be5 Nd7 75. Bc7 Nf8 76. Be5 Nd7 77. f4 Nf8 78. h5 gxh5 79. f5+ Ke7
80. Bg3 Kd8 81. Kd4 Nd7 82. Kd5 Nf8 83. Kc6 Kc8 84. Bh4 Kb8 85. Kd6 Ng6 86.
fxg6 hxg6 87. Ke7 Kc7 88. Ke6 Kd8 89. Kf7 Kd7 90. Kxg6 Ke6 91. Kxh5 Kd5 92. g6
Kc4 93. g7 Kc3 94. Bf2 Kc4 95. g8=Q+ Kxb5 96. Bxb6 axb6 97. Qb3 Kc6 98. Qc4+
Kd6 99. Kg6 Kd7 100. Kf6 Kd8 101. Ke6 b5 102. Qc5 Ke8 103. Qe7# {
Hossa checkmated} 1-0

[Event "ICS rated blitz match"]
[Site "204.178.125.65"]
[Date "2001.08.12"]
[Round "?"]
[White "Hossa"]
[Black "Saitek"]
[Result "0-1"]
[WhiteElo "2597"]
[BlackElo "2838"]
[PlyCount "122"]
[EventDate "2001.??.??"]

1. d4 Nf6 2. Nf3 g6 3. c4 Bg7 4. g3 c6 5. Bg2 O-O 6. O-O d5 7. cxd5 cxd5 8. Nc3
e6 9. Bg5 Qb6 10. Na4 Qb5 11. Rc1 Ne4 12. Be7 Re8 13. Ba3 Bd7 14. Nc3 Nxc3 15.
Rxc3 Qa6 16. Qd2 Bb5 17. Re1 Nc6 18. Bc5 b6 19. Bd6 Rac8 20. b3 Na5 21. Rc7 Nb7
22. Rxc8 Rxc8 23. Be7 Na5 24. Bb4 Kh8 25. Ng5 Be8 26. Bc3 Nc6 27. Ra1 h6 28.
Nf3 Kh7 29. Rc1 Ne7 30. a4 b5 31. Qd3 Qb7 32. axb5 Bxb5 33. Qd2 Ba6 34. Qd1 Nc6
35. Ra1 Qb5 36. Bf1 Qb6 37. Ra2 Nb8 38. Ba5 Qb7 39. Bh3 Nc6 40. Bc3 Bb5 41. Qd2
Qe7 42. Rc2 Qa3 43. Rb2 Qa1+ 44. Kg2 a6 45. b4 Bc4 46. Rc2 Qb1 47. Bb2 Bf8 48.
b5 axb5 49. Bc1 Ra8 50. Rb2 Qe4 51. Qd1 Ra1 52. Qd2 g5 53. g4 Ba3 54. Qc3 Bxb2
55. Bxb2 Rb1 56. Kg3 Bxe2 57. Bg2 Qf4+ 58. Kh3 f5 59. gxf5 Bxf3 60. Bxf3 Rg1
61. Qxc6 Qxf3# {Hossa checkmated} 0-1

[Event "ICS rated blitz match"]
[Site "204.178.125.65"]
[Date "2001.08.12"]
[Round "?"]
[White "Hossa"]
[Black "guimina"]
[Result "1-0"]
[WhiteElo "2592"]
[BlackElo "2022"]
[PlyCount "50"]
[EventDate "2001.??.??"]

1. e4 e5 2. Nf3 Nc6 3. d4 exd4 4. Nxd4 Nf6 5. Nxc6 bxc6 6. e5 Qe7 7. Qe2 Nd5 8.
c4 Nb6 9. Nc3 Ba6 10. Qe4 O-O-O 11. c5 Bxf1 12. cxb6 Ba6 13. bxa7 Kb7 14. Be3
Qb4 15. Qxb4+ Bxb4 16. a3 Ba5 17. O-O-O Bb6 18. Bg5 Rde8 19. Rxd7 Rxe5 20. f4
Rc5 21. Rxf7 h6 22. Be7 Rc4 23. Bf8 Bd4 24. Rxc7+ Ka8 25. Bxg7 Rg8 {
guimina resigns} 1-0

[Event "ICS rated blitz match"]
[Site "204.178.125.65"]
[Date "2001.08.12"]
[Round "?"]
[White "Hossa"]
[Black "guimina"]
[Result "1-0"]
[WhiteElo "2594"]
[BlackElo "2020"]
[PlyCount "39"]
[EventDate "2001.??.??"]

1. e4 e5 2. Nf3 Nc6 3. Bb5 a6 4. Bc4 Nf6 5. Ng5 d5 6. exd5 Nd4 7. c3 b5 8. cxd4
bxc4 9. dxe5 Nxd5 10. Qa4+ Qd7 11. Qxc4 Bb7 12. O-O Be7 13. d3 O-O 14. Re1 Nb6
15. e6 fxe6 16. Qxe6+ Qxe6 17. Nxe6 Rf7 18. Nc3 Bd6 19. Bg5 Re8 20. Nd8 {
guimina resigns} 1-0

[Event "ICS rated blitz match"]
[Site "204.178.125.65"]
[Date "2001.08.12"]
[Round "?"]
[White "ChesterX"]
[Black "Hossa"]
[Result "1-0"]
[WhiteElo "2802"]
[BlackElo "2595"]
[PlyCount "50"]
[EventDate "2001.??.??"]

1. d4 d5 2. Nf3 c6 3. c4 dxc4 4. e3 b5 5. a4 a5 6. Nc3 b4 7. Ne4 f5 8. Neg5 c3
9. Ne5 Nh6 10. Bc4 cxb2 11. Bxb2 Qc7 12. d5 f4 13. exf4 Bd7 14. dxc6 Nxc6 15.
Nxd7 Qxd7 16. Qh5+ g6 17. Qe2 e5 18. Bxe5 Rg8 19. Rd1 Qb7 20. Nxh7 Be7 21. Bxg8
b3 22. Bg7 Qb4+ 23. Kf1 Qxf4 24. Qe6 Nd4 25. Qxg6+ Nf7 {Hossa resigns} 1-0

[Event "ICS rated blitz match"]
[Site "204.178.125.65"]
[Date "2001.08.13"]
[Round "?"]
[White "PostModernist"]
[Black "Hossa"]
[Result "1-0"]
[WhiteElo "2789"]
[BlackElo "2588"]
[PlyCount "125"]
[EventDate "2001.??.??"]

1. e4 e6 2. d4 d5 3. Nc3 dxe4 4. Nxe4 c5 5. Nf3 cxd4 6. Qxd4 Qc7 7. Be3 Nc6 8.
Bb5 Bd7 9. Bxc6 Bxc6 10. O-O-O Rc8 11. Nc3 Nf6 12. Qxa7 Bb4 13. Rd3 Bb5 14. Bb6
Qf4+ 15. Rd2 Bxc3 16. bxc3 Ba6 17. Kb2 Qa4 18. Rd4 Qc6 19. Ba5 Nd5 20. Rg4 h5
21. Rh4 Qb5+ 22. Bb4 Nb6 23. Rd1 f6 24. Nd4 Nc4+ 25. Kb1 Qd5 26. Rg1 Nd2+ 27.
Ka1 g5 28. Rh3 Kf7 29. Re3 Rhe8 30. Nb3 Nc4 31. Rd3 Qe5 32. Rd7+ Kg6 33. h3 Qh2
34. f3 Red8 35. Rxd8 Rxd8 36. a4 Rd5 37. Ka2 Kh7 38. Qf2 Qc7 39. Re1 Qc6 40. a5
h4 41. Kb1 e5 42. g3 hxg3 43. Qxg3 Qd7 44. Kc1 Qa4 45. Qg4 Kg7 46. Re4 Qc6 47.
h4 Kg6 48. h5+ Kg7 49. Qf5 Qe8 50. h6+ Kxh6 51. Re1 Kg7 52. Rh1 Kf7 53. Nc5
Rxc5 54. Rh6 Qc6 55. Qg6+ Ke7 56. Qg7+ Kd8 57. Rh8+ Qe8 58. Rxe8+ Kxe8 59. Bxc5
Kd8 60. Qe7+ Kc8 61. Bb6 Nxb6 62. axb6 Bc4 63. Qc7# {Hossa checkmated} 1-0

[Event "ICS rated blitz match"]
[Site "204.178.125.65"]
[Date "2001.08.13"]
[Round "?"]
[White "Hossa"]
[Black "PostModernist"]
[Result "1/2-1/2"]
[WhiteElo "2580"]
[BlackElo "2797"]
[PlyCount "149"]
[EventDate "2001.??.??"]

1. d4 f5 2. Bg5 Nc6 3. e3 d5 4. c4 Be6 5. Nc3 Nf6 6. Nh3 Bf7 7. cxd5 Nxd5 8.
Bc4 Qd7 9. Bxd5 Bxd5 10. Nf4 Bg8 11. d5 Ne5 12. Bh4 Ng6 13. Qh5 Bf7 14. Nxg6
Bxg6 15. Qe2 O-O-O 16. Rc1 a6 17. O-O Kb8 18. b4 Rc8 19. Qc4 Bf7 20. Bg3 e6 21.
Rfd1 exd5 22. Nxd5 Bd6 23. Nb6 cxb6 24. Bxd6+ Ka8 25. Qd4 Rxc1 26. Rxc1 Rc8 27.
Rxc8+ Qxc8 28. h4 g6 29. Qxb6 Bxa2 30. f3 Bd5 31. b5 Bc4 32. bxa6 bxa6 33. Be5
Bb5 34. Kh2 Bd7 35. Kg3 Bc6 36. Kf4 Bb7 37. h5 Bc6 38. hxg6 hxg6 39. Kg5 Be8
40. Bd6 Bb5 41. Kxg6 Bd7 42. Kh5 Bb5 43. Kg5 Bf1 44. g3 Be2 45. Kf4 Bd3 46. Be5
Bb5 47. Qd6 Bd7 48. Qb4 Bb5 49. Qd2 Bc6 50. Qa5 Kb7 51. Qb4+ Ka8 52. Qa3 Kb7
53. Qb2+ Ka8 54. Qa2 Bb7 55. Qf7 Qc6 56. Qf8+ Bc8 57. Qg7 Bd7 58. Qg8+ Bc8 59.
Kg5 Qc5 60. Bf4 a5 61. Qf7 a4 62. Qe8 a3 63. Bd6 Qxd6 64. Qxc8+ Ka7 65. g4 fxg4
66. Kxg4 Qg6+ 67. Kf4 Qh6+ 68. Ke4 Qg6+ 69. Kd4 Qb6+ 70. Kd3 a2 71. Qd7+ Qb7
72. Qd4+ Qb6 73. Qg7+ Qb7 74. Qd4+ Qb6 75. Qg7+ {Game drawn by mutual agreement
} 1/2-1/2

[Event "ICS rated blitz match"]
[Site "204.178.125.65"]
[Date "2001.08.13"]
[Round "?"]
[White "Hossa"]
[Black "MEGAWEED"]
[Result "0-1"]
[WhiteElo "2589"]
[BlackElo "2420"]
[PlyCount "178"]
[EventDate "2001.??.??"]

1. d4 f5 2. Bg5 h6 3. Bd2 Nf6 4. Nf3 d6 5. g3 e6 6. Bg2 Ne4 7. Be3 b6 8. Nfd2
Bb7 9. Nxe4 fxe4 10. O-O Be7 11. Nc3 d5 12. f3 exf3 13. Rxf3 Bf6 14. Qd3 Kd7
15. Raf1 Rf8 16. Bh3 Qe8 17. Bf4 Ba6 18. Nb5 Nc6 19. e3 Rc8 20. a4 Qh5 21. Bg2
Rf7 22. c3 Na5 23. R3f2 c6 24. b4 Nb7 25. Bf3 Qf5 26. Qxf5 exf5 27. Nxa7 Ra8
28. b5 Rxa7 29. Be2 Nd6 30. Bxd6 Kxd6 31. bxa6 Rfe7 32. Rf3 g6 33. Rb1 Kc7 34.
h4 h5 35. Kg2 Re8 36. Bd3 Bg7 37. Kf1 Bh6 38. Ke2 Bg7 39. Rb3 Bf8 40. Rb2 Bg7
41. Kd2 Bh6 42. Be2 Rea8 43. Rb1 Bf8 44. Kc2 Bh6 45. Bd3 Re8 46. Kd2 Rea8 47.
Rf2 Rb8 48. Rb3 c5 49. dxc5 bxc5 50. Rb5 c4 51. Rxb8 Kxb8 52. Bc2 Rxa6 53. Rf1
Kc7 54. Rf3 Bg7 55. Bd1 Kd6 56. Rf1 Be5 57. Bc2 Kc5 58. Rg1 Rb6 59. Rh1 Bxg3
60. Rh3 Bc7 61. Rh1 Ra6 62. Rg1 Bd8 63. Rh1 Kd6 64. Rh3 Ke5 65. Ke2 Ba5 66. Kd2
Rd6 67. Bd1 Rb6 68. Bc2 Rb2 69. Rg3 Kf6 70. Rg1 Ra2 71. Rb1 Ra3 72. Kd1 Ke5 73.
Rb8 Rxc3 74. Re8+ Kd6 75. Ra8 Bb6 76. Ra6 Kc7 77. a5 Bxe3 78. Rxg6 d4 79. Re6
f4 80. Bf5 d3 81. Re7+ Kd6 82. Rd7+ Ke5 83. Rxd3 cxd3 84. Bxd3 f3 85. Bc2 f2
86. Ke2 Rxc2+ 87. Kd3 Rb2 88. a6 f1=Q+ 89. Kxe3 Qe2# {Hossa checkmated} 0-1

[Event "ICS rated blitz match"]
[Site "204.178.125.65"]
[Date "2001.08.13"]
[Round "?"]
[White "Hossa"]
[Black "Tinker"]
[Result "1-0"]
[WhiteElo "2568"]
[BlackElo "2455"]
[PlyCount "71"]
[EventDate "2001.??.??"]

1. d4 Nf6 2. c4 e6 3. Nf3 d5 4. g3 Be7 5. Bg2 O-O 6. O-O dxc4 7. Qc2 a6 8. Qxc4
b5 9. Qc2 Bb7 10. Bf4 Nc6 11. Nc3 Nxd4 12. Nxd4 Bxg2 13. Rfd1 Bd5 14. e4 b4 15.
Nxd5 exd5 16. Nc6 Qd7 17. e5 Nh5 18. Rxd5 Qe6 19. Be3 Rae8 20. Qc4 f5 21. f4
Rf7 22. Bd2 Bf8 23. Rc1 Qg6 24. Rd3 b3 25. Qxb3 a5 26. Nd8 Qb6+ 27. Qxb6 cxb6
28. Nxf7 Kxf7 29. Rc7+ Re7 30. Rxe7+ Bxe7 31. Be3 b5 32. Rd5 b4 33. Rxa5 h6 34.
Bc5 Bxc5+ 35. Rxc5 g5 36. Rc7+ {Tinker resigns} 1-0

[Event "ICS rated blitz match"]
[Site "204.178.125.65"]
[Date "2001.08.13"]
[Round "?"]
[White "Tinker"]
[Black "Hossa"]
[Result "1-0"]
[WhiteElo "2444"]
[BlackElo "2579"]
[PlyCount "64"]
[EventDate "2001.??.??"]

1. e4 c5 2. Nf3 Nc6 3. d4 cxd4 4. Nxd4 e5 5. Nb5 d6 6. c4 Be6 7. Be2 Nf6 8. Bg5
Be7 9. Bxf6 gxf6 10. O-O a6 11. N5c3 Nd4 12. Nd5 f5 13. exf5 Bxd5 14. cxd5 Qb6
15. Qd2 Bg5 16. Qxg5 Nxe2+ 17. Kh1 Qxb2 18. Nd2 Qd4 19. Rae1 Qd3 20. f3 Nc3 21.
Ne4 Nxe4 22. fxe4 Qc2 23. Rg1 Rf8 24. Rc1 Rc8 25. Rxc2 Rxc2 26. Qh6 Ke7 27. f6+
Ke8 28. Qxh7 Kd8 29. Rb1 Rc7 30. Qh3 Rg8 31. Qa3 Kd7 32. Rb6 Kc8 {Hossa resigns
} 1-0

[Event "ICS rated blitz match"]
[Site "204.178.125.65"]
[Date "2001.08.13"]
[Round "?"]
[White "Hossa"]
[Black "MrHyde"]
[Result "1-0"]
[WhiteElo "2557"]
[BlackElo "2049"]
[PlyCount "77"]
[EventDate "2001.??.??"]

1. d4 Nf6 2. c4 c5 3. d5 b5 4. Nd2 b4 5. e4 d6 6. Bd3 g6 7. Ngf3 Bg7 8. O-O O-O
9. Nb3 Nbd7 10. a3 a5 11. axb4 cxb4 12. Ra4 Bb7 13. Bg5 Qc7 14. Qc2 e6 15. dxe6
fxe6 16. Nfd4 Rfe8 17. Nb5 Qb6 18. Be3 Nc5 19. Nxd6 Qxd6 20. Bxc5 Qc7 21. Rfa1
Nd7 22. Be3 Ne5 23. Be2 Qc6 24. f3 Qc7 25. Nxa5 Bc8 26. Nb3 Rxa4 27. Rxa4 Bd7
28. Rxb4 Nc6 29. Ra4 Ne5 30. Ra7 Qc8 31. Nc5 Bc6 32. Rxg7+ Kxg7 33. Qc3 Qb8 34.
Bd4 Kf6 35. Nd3 Rd8 36. Bxe5+ Ke7 37. Bxb8 Rxb8 38. Qg7+ Kd6 39. e5# {
MrHyde checkmated} 1-0

[Event "ICS rated blitz match"]
[Site "204.178.125.65"]
[Date "2001.08.13"]
[Round "?"]
[White "MrHyde"]
[Black "Hossa"]
[Result "0-1"]
[WhiteElo "2047"]
[BlackElo "2559"]
[PlyCount "98"]
[EventDate "2001.??.??"]

1. e4 c5 2. Nc3 Nc6 3. g3 g6 4. Bg2 Bg7 5. d3 d6 6. Be3 e5 7. Nh3 f5 8. O-O Nf6
9. f4 Ng4 10. Bd2 fxe4 11. dxe4 O-O 12. Nf2 Nxf2 13. Rxf2 exf4 14. Rxf4 Be6 15.
Be3 Bxc3 16. bxc3 Ne5 17. Rb1 Qe7 18. a3 Ba2 19. Ra1 Bc4 20. a4 Rae8 21. a5 Rc8
22. Bc1 Rf6 23. Rxf6 Qxf6 24. Bf4 Rf8 25. Qd2 Bb5 26. Rd1 Nf7 27. Qd5 Qxc3 28.
Bxd6 Bc4 29. Qxc5 Nxd6 30. Qxd6 Qxc2 31. e5 b6 32. Qd2 Qxd2 33. Rxd2 bxa5 34.
Rd4 Bb5 35. Rd5 a6 36. Rd6 Kg7 37. e6 Kf6 38. Bd5 Ke5 39. e7 Rf1+ 40. Kg2 Kxd6
41. Bc6 Bxc6+ 42. Kxf1 a4 43. e8=Q Bxe8 44. Ke2 a3 45. Kd2 a2 46. Kc2 a1=Q 47.
Kd3 Bb5+ 48. Ke4 Qe1+ 49. Kd4 Qe5# {MrHyde checkmated} 0-1

[Event "ICS Rated blitz match"]
[Site "204.178.125.65"]
[Date "2001.08.14"]
[Round "?"]
[White "Hossa"]
[Black "monsoon"]
[Result "1/2-1/2"]
[WhiteElo "2549"]
[BlackElo "2555"]
[PlyCount "104"]
[EventDate "2001.??.??"]

1. e4 e5 2. Nf3 Nc6 3. Bb5 a6 4. Bc4 Bc5 5. d3 b5 6. Bd5 Nge7 7. O-O d6 8. Be3
Bxe3 9. Bxc6+ Nxc6 10. fxe3 O-O 11. Nbd2 g5 12. Qe1 g4 13. Qg3 Kh8 14. Nh4 Qg5
15. c3 Ne7 16. d4 b4 17. Nc4 Bb7 18. dxe5 d5 19. exd5 Bxd5 20. Rf4 h5 21. cxb4
Rab8 22. a3 Qh6 23. Rf6 Qg5 24. b3 c6 25. Raf1 Rbd8 26. Nd6 Be6 27. Nb7 Ra8 28.
Nc5 Qg7 29. e4 Rad8 30. Nxa6 Ng8 31. R6f2 Ne7 32. Nc5 Bc8 33. Rf6 Kg8 34. Qf4
Be6 35. g3 Bc8 36. Qf2 Rde8 37. a4 Rd8 38. a5 Be6 39. Nxe6 fxe6 40. Qc5 Kh7 41.
Rxe6 Rxf1+ 42. Kxf1 Qf7+ 43. Rf6 Qg7 44. Nf5 Nxf5 45. exf5 Re8 46. b5 Qd7 47.
bxc6 Qd1+ 48. Kg2 Qf3+ 49. Kg1 Qd1+ 50. Kg2 Qf3+ 51. Kg1 Qd1+ 52. Kg2 Qf3+ {
Game drawn by repetition} 1/2-1/2

[Event "ICS rated blitz match"]
[Site "204.178.125.65"]
[Date "2001.08.14"]
[Round "?"]
[White "clb"]
[Black "Hossa"]
[Result "0-1"]
[WhiteElo "2038"]
[BlackElo "2549"]
[PlyCount "54"]
[EventDate "2001.??.??"]

1. d4 Nf6 2. e3 g6 3. Bd3 Bg7 4. f4 O-O 5. Nf3 d5 6. Nbd2 Nc6 7. c3 a5 8. Nf1
Ne4 9. N1d2 f5 10. O-O a4 11. Bxe4 fxe4 12. Ne5 Nxe5 13. fxe5 Bf5 14. Qe2 Qd7
15. h3 c5 16. Rf2 Rf7 17. a3 Raf8 18. Nf1 Bg4 19. hxg4 Rxf2 20. Qxf2 Rxf2 21.
Kxf2 Qxg4 22. Bd2 Qd7 23. Rb1 Qb5 24. Ke1 Qb3 25. Bc1 Qc2 26. Nd2 Qd3 27. Kf2
Bh6 {clb resigns} 0-1

[Event "ICS rated blitz match"]
[Site "204.178.125.65"]
[Date "2001.08.14"]
[Round "?"]
[White "cfd"]
[Black "Hossa"]
[Result "0-1"]
[WhiteElo "2183"]
[BlackElo "2551"]
[PlyCount "51"]
[EventDate "2001.??.??"]

1. d4 Nf6 2. Bf4 g6 3. c4 Bg7 4. Nc3 Nh5 5. Bg5 O-O 6. e3 c5 7. Nf3 f6 8. Bh4
cxd4 9. exd4 Nf4 10. Bg3 Bh6 11. Bxf4 Bxf4 12. g3 Bh6 13. Bg2 d6 14. O-O Kh8
15. d5 e5 16. dxe6 Bxe6 17. Nd5 Bg4 18. h3 Bd7 19. Re1 Qc8 20. Kh2 Qxc4 21. Qd4
Qc2 22. Re7 Nc6 23. Qh4 Nxe7 24. Nxe7 Kg7 25. Nd4 Qxb2 26. Ndf5+ {cfd resigns}
0-1

[Event "ICS rated blitz match"]
[Site "204.178.125.65"]
[Date "2001.08.14"]
[Round "?"]
[White "Hossa"]
[Black "cfd"]
[Result "1-0"]
[WhiteElo "2554"]
[BlackElo "2180"]
[PlyCount "91"]
[EventDate "2001.??.??"]

1. e4 e6 2. d4 d5 3. e5 c5 4. c3 Nc6 5. Nf3 Qb6 6. a3 c4 7. Be2 Bd7 8. O-O Na5
9. Ra2 Nb3 10. Be3 Ne7 11. Nbd2 Ba4 12. Bxc4 dxc4 13. Nxc4 Qc7 14. Nd6+ Kd7 15.
Nxf7 Rg8 16. Nd2 Nd5 17. Nxb3 Qb6 18. Nc5+ Qxc5 19. Qxa4+ Qc6 20. Qc2 g6 21.
Bd2 Be7 22. Bh6 Rac8 23. Raa1 b5 24. Bg5 a5 25. Bxe7 Kxe7 26. Nd6 Rb8 27. Qe4
Rg7 28. Qg4 Rf8 29. Qh4+ Kd7 30. Qh6 Rgf7 31. f3 Kc7 32. Nxf7 Rxf7 33. Qd2 Kb6
34. Rac1 Ka6 35. b3 Rc7 36. c4 bxc4 37. bxc4 Nb6 38. c5 Nd5 39. Rb1 Rb7 40.
Rfc1 Rb5 41. Qd3 Nc7 42. a4 Ka7 43. axb5 Qd5 44. b6+ Kb7 45. bxc7+ Kxc7 46. Qa6
{cfd resigns} 1-0

[Event "ICS rated blitz match"]
[Site "204.178.125.65"]
[Date "2001.08.14"]
[Round "?"]
[White "cfd"]
[Black "Hossa"]
[Result "0-1"]
[WhiteElo "2177"]
[BlackElo "2557"]
[PlyCount "40"]
[EventDate "2001.??.??"]

1. d4 Nf6 2. c3 d6 3. Bg5 e6 4. e3 Be7 5. Nd2 O-O 6. Bd3 h6 7. Bh4 e5 8. e4 c5
9. d5 Nxd5 10. Bxe7 Nxe7 11. Ne2 f5 12. exf5 Nxf5 13. O-O Nc6 14. c4 Nfd4 15.
Nc3 Be6 16. Qh5 Qf6 17. Nde4 Qe7 18. Rae1 Nb4 19. Bb1 Bf7 20. Qd1 Bxc4 {
cfd resigns} 0-1

[Event "ICS rated blitz match"]
[Site "204.178.125.65"]
[Date "2001.08.14"]
[Round "?"]
[White "Hossa"]
[Black "monsoon"]
[Result "1-0"]
[WhiteElo "2560"]
[BlackElo "2575"]
[PlyCount "135"]
[EventDate "2001.??.??"]

1. c4 e5 2. Nf3 e4 3. Nd4 Nc6 4. Nxc6 dxc6 5. Nc3 Nf6 6. d4 Bb4 7. a3 Bxc3+ 8.
bxc3 O-O 9. Bf4 Nh5 10. Bd2 Qd6 11. e3 Qg6 12. Qe2 Bg4 13. f3 Be6 14. fxe4 Nf6
15. e5 Bg4 16. Qf2 Ne4 17. Qf4 Nxd2 18. Kxd2 Bf5 19. Be2 Be4 20. Rhg1 h6 21. g4
f6 22. Raf1 fxe5 23. Qxe5 Rxf1 24. Rxf1 Bb1 25. Rc1 Re8 26. Qxc7 Kh8 27. h4 Qe4
28. Qf4 Qg6 29. d5 Be4 30. h5 Qh7 31. d6 Rd8 32. Qe5 Bg2 33. Qe7 Qg8 34. Rg1
Re8 35. Qxb7 Be4 36. Qc7 a6 37. d7 Rd8 38. Rf1 c5 39. Rf7 Bc6 40. Bd3 Ba4 41.
g5 Rxd7 42. Rxd7 Bxd7 43. Qxd7 hxg5 44. Qf5 g4 45. Qxc5 Qb8 46. Qc6 a5 47. Qe4
Kg8 48. Qd5+ Kf8 49. Qc5+ Kg8 50. Qxa5 Qh2+ 51. Be2 g3 52. Qd5+ Kh8 53. Qa8+
Kh7 54. c5 Qf2 55. Qe4+ Kh8 56. Qe8+ Kh7 57. c6 g2 58. Qg6+ Kh8 59. c7 Qf8 60.
Qxg2 Qd6+ 61. Bd3 Qf8 62. Qg6 Qf2+ 63. Kd1 Qf3+ 64. Kc2 Qg2+ 65. Qxg2 g5 66.
c8=Q+ Kg7 67. Qxg5+ Kf7 68. Qcg8# {monsoon checkmated} 1-0

[Event "ICS rated standard match"]
[Site "204.178.125.65"]
[Date "2001.08.14"]
[Round "?"]
[White "monsoon"]
[Black "Hossa"]
[Result "1-0"]
[WhiteElo "2389"]
[BlackElo "2163"]
[PlyCount "128"]
[EventDate "2001.??.??"]

1. e4 c5 2. Nf3 Nc6 3. Bb5 Nf6 4. Nc3 e5 5. Bxc6 bxc6 6. Nxe5 Qe7 7. Nf3 Nxe4
8. O-O Nxc3 9. dxc3 d6 10. Re1 Be6 11. Ng5 O-O-O 12. Qd3 c4 13. Qe2 Re8 14. Bf4
Qf6 15. Nxe6 d5 16. Bg5 Qxe6 17. Qd2 Qd7 18. Rxe8+ Qxe8 19. Be3 a6 20. Re1 Bd6
21. Bf4 Qd7 22. Bxd6 Qxd6 23. Qd4 Qd7 24. Qxg7 Re8 25. Rxe8+ Qxe8 26. Kf1 Qe4
27. Qg8+ Kc7 28. Qxf7+ Kd6 29. Qf6+ Kd7 30. Qf7+ Kd6 31. Qf8+ Kc7 32. Qg7+ Kc8
33. Qh6 Kd7 34. Qd2 Qg4 35. f3 Qh4 36. h3 Kd6 37. Qe3 Qf6 38. Qe8 Qg5 39. Qf8+
Kd7 40. f4 Qg6 41. f5 Qg5 42. Qf7+ Kd6 43. Qxh7 Qc1+ 44. Kf2 Qxc2+ 45. Kg3 Qxb2
46. Qh6+ Kc7 47. Qg7+ Kc8 48. Kf3 Qd2 49. Qe5 Qxa2 50. Qh8+ Kb7 51. f6 Qc2 52.
Qg7+ Kb6 53. f7 Qe4+ 54. Kg3 Qe3+ 55. Kh4 Qe7+ 56. Kh5 Qe2+ 57. g4 Qd3 58. h4
Qf3 59. f8=Q Qxf8 60. Qxf8 d4 61. Qb8+ Kc5 62. Qe5+ Kb6 63. Qxd4+ c5 64. Qd6+
Kb5 {Hossa resigns} 1-0